Orthographie, Grammatik und literarische Form: Beobachtungen zu der Vaseninschrift Lugazaggesis (SAKI 152-156)
| Main Author: | |
|---|---|
| Format: | Print Article |
| Language: | English |
| Check availability: | HBZ Gateway |
| Interlibrary Loan: | Interlibrary Loan for the Fachinformationsdienste (Specialized Information Services in Germany) |
| Published: |
Atlanta, Ga.
Scholars Press
1990
|
| In: |
Harvard semitic studies
Year: 1990, Issue: 37, Pages: 455 - 504 |
| Standardized Subjects / Keyword chains: | B
Sumerian language
/ Spring
|
| RelBib Classification: | TC Pre-Christian history ; Ancient Near East |
| Further subjects: | B
Royal inscription
B Sumerian language |
MARC
| LEADER | 00000caa a22000002c 4500 | ||
|---|---|---|---|
| 001 | 1650046456 | ||
| 003 | DE-627 | ||
| 005 | 20241211090623.0 | ||
| 007 | tu | ||
| 008 | 190311s1990 xx ||||| 00| ||eng c | ||
| 035 | |a (DE-627)1650046456 | ||
| 035 | |a (DE-576)518752755 | ||
| 035 | |a (DE-599)BSZ518752755 | ||
| 040 | |a DE-627 |b ger |c DE-627 |e rakwb | ||
| 041 | |a eng | ||
| 084 | |a 1 |2 ssgn | ||
| 100 | 1 | |0 (DE-588)124532020 |0 (DE-627)363401814 |0 (DE-576)215773608 |4 aut |a Wilcke, Claus |d 1938- | |
| 109 | |a Wilcke, Claus 1938- | ||
| 245 | 1 | 0 | |a Orthographie, Grammatik und literarische Form: Beobachtungen zu der Vaseninschrift Lugazaggesis (SAKI 152-156) |
| 264 | 1 | |a Atlanta, Ga. |b Scholars Press |c 1990 | |
| 336 | |a Text |b txt |2 rdacontent | ||
| 337 | |a ohne Hilfsmittel zu benutzen |b n |2 rdamedia | ||
| 338 | |a Band |b nc |2 rdacarrier | ||
| 601 | |a Grammatik | ||
| 650 | 0 | 7 | |0 (DE-588)4078069-7 |0 (DE-627)106078429 |0 (DE-576)209207329 |a Sumerisch |2 gnd |
| 650 | 0 | 7 | |0 (DE-588)4444518-0 |0 (DE-627)225310260 |0 (DE-576)212504681 |a Königsinschrift |2 gnd |
| 652 | |a TC | ||
| 689 | 0 | 0 | |d s |0 (DE-588)4078069-7 |0 (DE-627)106078429 |0 (DE-576)209207329 |2 gnd |a Sumerisch |
| 689 | 0 | 1 | |d s |0 (DE-588)4135952-5 |0 (DE-627)105661236 |0 (DE-576)209665084 |2 gnd |a Quelle |
| 689 | 0 | |5 (DE-627) | |
| 773 | 0 | 8 | |i In |t Harvard semitic studies |d Leiden : Brill, 1977 |g (1990), 37, Seite 455 - 504 |w (DE-627)391999699 |w (DE-600)2157501-0 |w (DE-576)009365257 |x 0147-9342 |
| 773 | 1 | 8 | |g year:1990 |g number:37 |g pages:455 - 504 |
| 935 | |a BIIN | ||
| 951 | |a AR | ||
| BIB | |a 1 | ||
| ELC | |b 1 | ||
| ITA | |a 1 |t 1 | ||
| LOK | |0 000 xxxxxcx a22 zn 4500 | ||
| LOK | |0 001 3335581784 | ||
| LOK | |0 003 DE-627 | ||
| LOK | |0 004 1650046456 | ||
| LOK | |0 005 20190311183413 | ||
| LOK | |0 008 190311||||||||||||||||ger||||||| | ||
| LOK | |0 035 |a (DE-Tue135-1)34967 | ||
| LOK | |0 040 |a DE-Tue135-1 |c DE-627 |d DE-Tue135-1 | ||
| LOK | |0 852 |a DE-Tue135-1 | ||
| LOK | |0 852 1 |c AT10479/WEC |m p |9 00 | ||
| LOK | |0 852 2 |b F 61 |9 00 | ||
| LOK | |0 935 |a iFSA | ||
| LOK | |0 936ln |0 1442053569 |a TC | ||
| LOK | |0 938 |k p | ||
| LOK | |0 939 |a 11-03-19 |b l12 | ||
| ORI | |a SA-MARC-ixtheoa001.raw | ||
| REL | |a 1 | ||
| STA | 0 | 0 | |a Royal inscription,Spring,Spring,Source,Sources,Sumerian language |
| STB | 0 | 0 | |a Inscription royale,Source,Source,Source,Sources,Sumérien |
| STC | 0 | 0 | |a Fuente,Fuente,Fuente,Inscripción real,Sumerio |
| STD | 0 | 0 | |a Iscrizione reale,Sorgente,Sorgente,Fonte,Sumero |
| STE | 0 | 0 | |a 泉,泉,来源,出处,泉源,泉源 |
| STF | 0 | 0 | |a 泉,泉,來源,出處,泉源,泉源,苏美尔语 |
| STG | 0 | 0 | |a Fonte,Fonte,Fonte,Inscrição real,Sumério |
| STH | 0 | 0 | |a Источник (гидрология, мотив),Источник (гидрология),Источник,Королевская надпись,Шумерский |
| STI | 0 | 0 | |a Βασιλική επιγραφή,Πηγή (υδρολογία, μοτίβο),Πηγή (υδρολογία),Πηγή,Σουμεριακή γλώσσα |
| SUB | |a BIB |a REL | ||
| SYE | 0 | 0 | |a Neusumerisch,Altsumerisch , König |
| SYG | 0 | 0 | |a Neusumerisch,Altsumerisch , Quellen,Akten,Augenzeugenbericht,Texte,Historische Quelle,Geschichtsquelle,Quellensammlung,Quellen |



